02034nam a22004217a 4500003000900000005001700009008004100026020001500067040002800082041001300110044000700123100003100130245008100161250001200242260004500254300002100299490002800320505001100348505006300359505006300422505008300485505004800568505004600616505006200662505007000724520047800794650002901272650002201301650002701323700002601350908000801376930001001384942001301394945002001407980004301427999001701470952012501487AR-RoUNA20250910171340.0250909b |||||||| |||| 00| 0 spa d a8425209617 aAR-RoUNAbspadAR-RoUNA aspahspa aag1 aRicci Bitti, Pio E.92739110aComportamiento no verbal y comunicacion /cPio E. Ricci Bitti; Santa Cortesi a1a. ed. aBarcelona :bGustavo Gili, cc1977; 1980 a204 p.c20x13 cm aColeccion Punto y Linea0 tINDICE0 tI. Comportamiento interpersonal y comportamiento no verbal0 tII. Elementos no verbales del comportamiento interpersonal0 tIII. Enfoques disciplinarios y metodos de estudio del comportamiento no verbal0 tIV. Comportamiento no verbal y comunicacion0 tV. Funciones del comportamiento no verbal0 tVI. Comportamiento no verbal y desarrollo social primario0 tVII. Comportamiento no verbal y perturbaciones del comportamiento3 aEste documento, es de interés desde lo psicologico teniendo presente los aspectos no verbales del comportamiento; ello a obligado a ampliar el terreno de investigación, enriqueciendo la aproximación a los problemas del comportamiento interpersonal, abriendo nuevos niveles de análisis, el comportamiento espacial, del movimiento y de la gestualidad de la mirada, de las expresiones del rostro, de aspectos externo y de los aspectos no lingüísticos del discurso. 4aComportamientoxConducta 4aDesarrollo social 4aComunicacion no verval1 aCortesi, Santa927394 aImp e12234 2ddccLIB aMIAd2025-09-09 61aMaricel Allasia81gMaricel Allasia c12104d12104 00102cdu405070aAR-RoUNAbAR-RoUNAcDiseño Gráfico - Salad2025-09-09eDonl0o316.77 R491p18365tej. 1yLIBx